000 00484nam a22001817a 4500
003 CEME
005 20210628210519.0
008 210209b xxu||||| |||| 00| 0 eng d
020 _a0-07-049104-
040 _c.
082 _a005.3 OL
100 _aO'leary, Timothy.J O'leary, Linda.I
_956352
245 _aMicrosoft word 7.0a for windows 95
260 _aNEW YORK
_bMCGRAW HILL
_c1996
300 _a240P
650 _aMICROSOFT WORD 7.0A MS WORD 7.0A
_979732
942 _cBK
_2ddc
999 _c584733
_d584733